Les 10 gardiens avec le plus de clean sheets. - Statistiques

Statistiques générales
  • Ce quiz a été pris 409 fois
  • Le résultat moyen est 8 sur 10
Statistiques - réponses
Clean
Sheets
Gardiens Clubs % Correct
305 Gianluigi Buffon ParmeJuventus PSG
97%
218 Manuel Neuer SchalkeBayern
97%
174 Thibaut Courtois ChelseaAtletico Real
95%
204 Hugo Lloris NiceLyon Tottenham
92%
177 Iker Casillas Real
90%
231 Petr Cech RennesChelsea Arsenal
79%
182 Victor Valdes BarcaMan Utd Middlesbrough
64%
227 Mickael Landreau NantesPSG Lille Bastia
50%
204 Samir Handanovic UdineseInter
50%
250 Pepe Reina BarcaVillarreal Liverpool Naples Bayern Milan Aston Villa Lazio
47%
Aucun quiz correspondant
Distribution des résultats
% des personnes avec chaque résultat
Percentile par nombre de réponses
Votre historique - résultats
Vous n’avez pas pris ce quiz